Santuari mediterranei

Enregistré dans:
Détails bibliographiques
Auteur principal: Corai Italo
Format: Livre
Langue:langue indéterminée
Publié: Forlì Zoe 2001
Tags: Ajouter un tag
Pas de tags, Soyez le premier à ajouter un tag!

MARC

LEADER 00000nam a2200000Ia 4500
001 235
003 NUMERAZIONE-ORIGINALE-BRESCIA
005 20260206230750.0
008 260206s9999 xx 000 0 und d
100 |a Corai Italo 
245 0 |a Santuari mediterranei 
260 |a Forlì 
260 |b Zoe 
260 |c 2001 
942 |2 ddc  |c BK  |n 0 
952 |0 0  |1 0  |2 ddc  |4 0  |6 11  |7 0  |9 28435  |a BS  |b BS  |d 2026-02-06  |i 235  |l 0  |o 1-1-*  |r 2026-02-06 22:40:35  |w 2026-02-06  |x [REVISIONARE]  |y BK 
999 |c 24116  |d 24116